000 00491nam a2200169Ia 4500
003 GCL
008 140319s9999 xx 000 0 ara d
040 _aGCL /
_cGCL
082 0 4 _aد
_b050
100 1 _aعبدالتواب يوسف
245 1 0 _aشموع كتاب فى ثقافة الاطفال ( اقرا 546 ) /
_cعبدالتواب يوسف
300 _a126 ص
490 _aوثائق ونصوص
_v0
650 0 4 _aالاطفال
650 0 4 _aادب الاطفال
942 _2ddc
_cCF
999 _c27254
_d27254